Open Arms - Epic the Musical - Statistics

General Stats
  • This quiz has been taken 15 times
  • The average score is 150 of 433
Answer Stats
Hint Answer % Correct
can
100%
can
100%
friend.
100%
Polites I
100%
my
100%
relax
100%
tell
100%
Polites You
100%
fine,
90%
getting
90%
Odysseus Huh?
90%
Odysseus I'm
90%
nervous,
90%
Polites.
90%
you're
90%
a
80%
all
80%
and
80%
and
80%
at
80%
been
80%
blood
80%
do
80%
friend!
80%
get
80%
grip
80%
have
80%
how
80%
how
80%
I
80%
into.
80%
is
80%
know
80%
live?
80%
Look
80%
me,
80%
my
80%
of
80%
of
80%
relax,
80%
service
80%
shed.
80%
should
80%
so
80%
supposed
80%
survive
80%
sword
80%
take
80%
Tell
80%
that
80%
that
80%
the
80%
Polites Think
80%
this
80%
through!
80%
tired
80%
to
80%
to
80%
try
80%
war
80%
we
80%
we
80%
we
80%
We'll
80%
we're
80%
what
80%
Why
80%
you
80%
your
80%
you're
80%
yourself
80%
enough
70%
said.
70%
we
70%
Odysseus 600
60%
are
60%
back!
60%
back.
60%
faces!
60%
food.
60%
Lotus-Eaters Food!
60%
for
60%
for
60%
here
60%
men
60%
only
60%
our
60%
show
60%
Odysseus Stay
60%
Lotus-Eaters Stay
60%
to
60%
us
60%
waiting
60%
Odysseus We're
60%
amazing
50%
arms.
50%
arms!
50%
back,
50%
be
50%
blazes!
50%
don't
50%
face
50%
fine
50%
friend,
50%
from
50%
get
50%
give?
50%
go!
50%
greet
50%
greet
50%
heart!
50%
Lotus-Eaters Here
50%
Odysseus If
50%
if
50%
I'm
50%
into
50%
is
50%
it
50%
leading
50%
life
50%
men
50%
Polites My
50%
my
50%
open
50%
open
50%
place
50%
safely,
50%
Polites See?
50%
show
50%
Odysseus Stay
50%
that
50%
the
50%
the
50%
them
50%
this
50%
This
50%
trust
50%
turn
50%
warning
50%
we
50%
we
50%
we'll
50%
we're
50%
Whatever
50%
when
50%
will
50%
with
50%
with
50%
world
50%
you!
50%
you
50%
you
50%
a
40%
a
40%
a
40%
adjustment.
40%
amazing
40%
and
40%
arms!
40%
arms,
40%
arms!
40%
be
40%
can
40%
can
40%
chance
40%
face
40%
fine
40%
for
40%
from
40%
Give
40%
greet
40%
Greet
40%
greet
40%
guard.
40%
hard!
40%
have
40%
heart.
40%
Here
40%
here's
40%
how
40%
if
40%
I'm
40%
is
40%
it
40%
it
40%
it's
40%
leading
40%
life
40%
light
40%
lower
40%
matter
40%
matter
40%
No
40%
No
40%
not
40%
open
40%
open
40%
open
40%
person
40%
place
40%
place
40%
some
40%
start!
40%
stop
40%
telling
40%
that
40%
the
40%
the
40%
the
40%
the
40%
the
40%
the
40%
this
40%
to
40%
try
40%
up
40%
we
40%
we
40%
we
40%
we'll
40%
we're
40%
Whatever
40%
when
40%
when
40%
with
40%
with
40%
with
40%
world
40%
world
40%
world
40%
You
40%
you
40%
you
40%
you
40%
you
40%
your
40%
arms!
30%
can
30%
can
30%
could
30%
friend,
30%
Greet
30%
Greet
30%
here's
30%
how
30%
I
30%
I
30%
light
30%
Odysseus My
30%
open
30%
say
30%
start.
30%
the
30%
the
30%
the
30%
to
30%
up
30%
we
30%
Lotus-Eaters Welcome!
30%
wish
30%
with
30%
world
30%
world
30%
arms!
20%
Lotus-Eaters Food!
20%
Lotus-Eaters Food! (nom-nom-nom)
20%
I
20%
open
20%
that
20%
what
20%
with
20%
world
20%
a
10%
a
10%
Lotus-Eaters A
10%
agree.
10%
and
10%
and
10%
at
10%
But
10%
cave!
10%
controls
10%
eat.
10%
filled
10%
fruit
10%
fruit
10%
glowing
10%
glowing
10%
is
10%
It
10%
it
10%
It's
10%
just
10%
kind
10%
lets
10%
look
10%
lotus,
10%
me
10%
mind
10%
never
10%
notice
10%
of
10%
seeds.
10%
That
10%
the
10%
they
10%
to
10%
took
10%
way!
10%
Lotus-Eaters Welcome.
10%
what
10%
while
10%
with
10%
your
10%
Polites A
0%
a
0%
amazing
0%
And
0%
and
0%
arms.
0%
arms!
0%
arms,
0%
arms!
0%
arms.
0%
brave!
0%
Can
0%
can
0%
can
0%
cave!
0%
cave
0%
cave?
0%
do
0%
Lotus-Eaters East!
0%
eat?
0%
face
0%
feast?
0%
filled
0%
find
0%
food
0%
food
0%
free.
0%
friend
0%
friend.
0%
get
0%
greet
0%
Greet
0%
greet
0%
Odyssues Greet
0%
guilt
0%
have
0%
heart.
0%
here's
0%
how
0%
I
0%
I'd
0%
in
0%
inside
0%
is
0%
is
0%
it
0%
it
0%
kindness
0%
life
0%
light
0%
like
0%
Polites Lotus-Eaters,
0%
me
0%
much
0%
my
0%
my
0%
not
0%
open
0%
open
0%
open
0%
open
0%
open
0%
other
0%
out
0%
relax
0%
replace
0%
sail
0%
saying
0%
see
0%
show
0%
so
0%
So
0%
start!
0%
tell
0%
Polites Thank
0%
that
0%
that's
0%
the
0%
the
0%
the
0%
the
0%
there's
0%
there's
0%
this
0%
this
0%
Polites This
0%
to
0%
to
0%
to
0%
to
0%
up
0%
way
0%
we
0%
we
0%
we
0%
what
0%
when
0%
where
0%
where
0%
where
0%
why
0%
with
0%
with
0%
with
0%
with
0%
with
0%
world,
0%
world
0%
world
0%
world
0%
you
0%
you
0%
you!
0%
you
0%
you
0%
Polites You
0%
your
0%
your
0%
You're
0%
No matching quizzes found
Score Distribution
Percent of People with Each Score
Percentile by Number Answered
Your Score History
You have not taken this quiz